Iran / (Record no. 88898)

MARC details
000 -LEADER
campo de control de longitud fija 00697nam a2200229 i 4500
001 - NÚMERO DE CONTROL
campo de control 88898
003 - IDENTIFICADOR DE NÚMERO DE CONTROL
campo de control ES-MaACL
005 - FECHA Y HORA DE LA ÚLTIMA TRANSACCIÓN
campo de control 20230906175951.0
007 - CAMPO FIJO DE DESCRIPCIÓN FÍSICA--INFORMACIÓN GENERAL
campo de control de longitud fija t|
008 - DATOS DE LONGITUD FIJA--INFORMACIÓN GENERAL
campo de control de longitud fija 041230s1993 be ||||1| fre d
080 ## - NÚMERO DE LA CLASIFICACIÓN DECIMAL UNIVERSAL
Número de la Clasificación Decimal Universal 94(55)
080 ## - NÚMERO DE LA CLASIFICACIÓN DECIMAL UNIVERSAL
Número de la Clasificación Decimal Universal 930.85(55)
100 1# - ENTRADA PRINCIPAL--NOMBRE DE PERSONA
Nombre de persona Gesché-Koning, N.
9 (RLIN) 56522
245 10 - MENCIÓN DEL TÍTULO
Título Iran /
Mención de responsabilidad, etc. N. Gesché-Koning, G. Van Deuren.
260 ## - PUBLICACIÓN, DISTRIBUCIÓN, ETC.
Lugar de publicación, distribución, etc. Bruxelles :
Nombre del editor, distribuidor, etc. Musées royaux d'Art et d'Histoire,
Fecha de publicación, distribución, etc. 1993.
300 ## - DESCRIPCIÓN FÍSICA
Extensión 144 p. :
Otras características físicas il. ;
Dimensiones 30 cm.
651 #4 - PUNTO DE ACCESO ADICIONAL DE MATERIA--NOMBRE GEOGRÁFICO
Nombre geográfico Irán-
Subdivisión general Historia.
9 (RLIN) 8851
651 #4 - PUNTO DE ACCESO ADICIONAL DE MATERIA--NOMBRE GEOGRÁFICO
Nombre geográfico Irán-
Subdivisión general Civilización.
9 (RLIN) 8850
700 1# - ENTRADA AGREGADA--NOMBRE PERSONAL
Nombre de persona Deuren, G. van.
9 (RLIN) 43978
710 2# - ENTRADA AGREGADA--NOMBRE DE ENTIDAD CORPORATIVA
Nombre de entidad corporativa o nombre de jurisdicción como elemento de entrada Musées royaux d'art et d'histoire (Bruselas)
9 (RLIN) 139873
852 ## - LOCALIZACIÓN
Ubicación ES-MaACL
Número de control de estantería E-10744
Sublocalización o colección R.134995
Holdings
Estatus retirado Estado de pérdida Estado de daño No para préstamo Biblioteca de origen Biblioteca actual Ubicación en estantería Fecha de adquisición Fuente de adquisición Total de préstamos Signatura topográfica completa Código de barras Visto por última vez Precio de reemplazo Tipo de ítem Koha
        Biblioteca del Ateneo de Madrid Biblioteca del Ateneo de Madrid Depósito 2 17/01/2008     E-10744 1092851 23/02/2023 23/02/2023 Libro impreso